000 01654cam a2200337 i 4500
001 zz2004994810
003 NUKAT
005 20260429225042.0
008 041130s1925 pl |000 0 pol c
035 _a(OCoLC)749770132
035 _a(NUKAT)zz2004994810
040 _aGD U/TZ
_bpol
_erda
_cGD U/TZ
_dGD U/TZ
_dGD U/ENs
_dKR 048/RW
_dKR 048/AK
041 0 _apol
_alat
100 1 _aVetulani, Adam
_d(1901-1976).
_eAutor
_92698
245 1 0 _aPozew sądowy w średniowiecznym procesie polskim /
_cAdam Vetulani.
260 _aKraków :
_bPolska Akademja Umiejętności ;
_aWarszawa :
_bSkład główny w Księgarniach Gebethnera i Wolfa,
_c1925
_e(Kraków :
_fDrukarnia Uniwersytetu Jagiellońskiego pod zarządem J. Filipowskiego).
300 _a115 stron ;
_c25 cm.
336 _aTekst
_btxt
_2rdacontent
337 _aBez urządzenia pośredniczącego
_bn
_2rdamedia
338 _aWolumin
_bnc
_2rdacarrier
490 1 _aRozprawy / Polska Akademja Umiejętności. Wydział Historyczno-Filozoficzny ;
_vSer. 2, t. 40 (og. zbioru t. 65), nr 3
530 _aDostępne również w formie elektronicznej.
546 _aFragmenty tekstu w języku łacińskim.
650 7 _aPostępowanie (prawo)
_zPolska
_yśredniowiecze.
_2kaba
_940952
710 2 _aPolska Akademia Umiejętności (1919-1952).
_eWydawca
_4pbl
_91634
710 2 _aGebethner i Wolff.
_eWydawca
_4pbl
_91246
710 2 _aDrukarnia Uniwersytetu Jagiellońskiego.
_eDruk
_4prt
_9536
830 0 _aRozprawy Polskiej Akademii Umiejętności.
_pWydział Historyczno-Filozoficzny
_vSer. 2, t. 40 = 65, nr 3
_92632
856 4 1 _uhttps://repozytorium.biblos.pk.edu.pl/resources/46157
942 _2ddc
_cBK_NM
999 _c27888
_d27888